UFL Football Team Logos - Statistics

General Stats
  • This quiz has been taken 59 times
    16 since last reset
  • The average score is 6 of 8
Answer Stats
Picture Answer % Correct
DC Defenders
93%
Birmingham Stallions
86%
Dallas Renegades
86%
St. Louis Battlehawks
86%
Columbus Aviators
79%
Houston Gamblers
79%
Orlando Storm
71%
Louisville Kings
43%
No matching quizzes found
Score Distribution
Percent of People with Each Score
Percentile by Number Answered
Your Score History
You have not taken this quiz since the last reset